Galatians and you. (Record no. 5782)

000 -LEADER
fixed length control field 00538nam a2200181 a 4500
001 - CONTROL NUMBER
control field :::00003524$&:&@@
003 - CONTROL NUMBER IDENTIFIER
control field OkBaRHE
005 - DATE AND TIME OF LATEST TRANSACTION
control field 20000607103306.0
008 - FIXED-LENGTH DATA ELEMENTS--GENERAL INFORMATION
fixed length control field s1948 j 000 0 eng u
040 ## - CATALOGING SOURCE
Transcribing agency
100 1# - MAIN ENTRY--PERSONAL NAME
Personal name Bartlett, C. Norman.
245 10 - TITLE STATEMENT
Title Galatians and you.
260 ## - PUBLICATION, DISTRIBUTION, ETC. (IMPRINT)
Place of publication, distribution, etc Chicago, IL., :
Name of publisher, distributor, etc Moody Press
Date of publication, distribution, etc c1948
300 ## - PHYSICAL DESCRIPTION
Extent 128 p. ;
Dimensions 17 cm.
650 ## - SUBJECT ADDED ENTRY--TOPICAL TERM
Topical term or geographic name as entry element Bible New Testament Galatians
General subdivision Study
942 ## - ADDED ENTRY ELEMENTS (KOHA)
Source of classification or shelving scheme
Koha item type Books
Copies
Full call number Lost status Barcode Koha item type Shelving location Date last seen Source of classification or shelving scheme Permanent Location Date acquired Price effective from Withdrawn status Copy number Damaged status Not for loan
BS 2685 .B3 3524BooksGeneral Stacks2018-04-03 RHEMA Bible Training College2010-04-142010-04-14 1